000 01768cam a22004454i 4500
003 PE-LiUPU
005 20250731175626.0
008 181227s2018 gw a rb 001 0 eng d
020 _a3447110414
020 _a9783447110419
035 _a(Sirsi) a251210
040 _aPE-LiUPU
_bspa
_cPE-LiUPU
_erda
049 _aPRUA
082 0 4 _a492.1
_bZ84
_223
100 1 _aZomer, Elyze,
_eautor.
245 1 0 _aCorpus of Middle Babylonian and Middle Assyrian Incantations.
264 1 _aWiesbaden :
_bHarrassowitz Verlag,
_c2018.
300 _a463 páginas :
_bilustraciones ;
_c24 centímetros
336 _atext
_2rdacontent
337 _aunmediated
_2rdamedia
338 _avolume
_2rdacarrier
504 _aBibliografía: páginas 409-432.
504 _aÍndice: páginas 433-432
505 0 _aIntroduction --Physical Properties of Tablets Containing Incantations -- Geographical Setting and Archival Context -- The Social Setting -- Circulation of Incantations during the Late Bronze Age -- Standardization and Serialization -- Selection of Texts -- Catalaogue of middle Babylonian/middle Assyrian incantations.
526 _aP145
526 _aP127
526 _aP97
526 _aP35
526 _aP14
526 _aP07
650 4 _aIdioma acadio.
650 4 _aPastillas cuneiformes.
650 4 _aEncantamientos, asilo-babilonios.
910 _adbm
_brri
_crri
_d20181227
942 _2ddc
_cBOOK
994 _aC0
_bPEPRU
596 _a1
999 _a492.1 Z84
_wDEWEY
_c30635
_i79393
_f2021-11-11
_g4
_lCCODEBUL1
_mBUL
_p91.00
_r0
_sY
_tBOOK
_u2018-12-27
_xTEOLOGIA
_PP85
_0COMPRA
_1FCOMPR2
_o.STAFF. Colección Teología
_d30635
980 _81
_gALBERTO SANCHEZ Responsable de Automatización